Catálogo
 En Linea
Vista normal Vista MARC

Entrada Término temático

Número de registros utilizados en: 1

001 - NÚMERO DE CONTROL

  • campo de control: 27262

003 - IDENTIFICADOR DEL NÚMERO DE CONTROL

  • campo de control: OSt

005 - FECHA Y HORA DE LA ÚLTIMA TRANSACCIÓN

  • campo de control: 20200615033105.0

008 - DATOS DE LONGITUD FIJA

  • campo de control de longitud fija: 200615|| aca||aabn | a|a d

040 ## - FUENTE DE LA CATALOGACIÓN

  • Centro catalogador/agencia de origen: OSt
  • Centro/agencia transcriptor: OSt

150 ## - ENCABEZAMIENTO--TÉRMINO DE MATERIA

  • Término de materia o nombre geográfico como elemento de entrada: Gas-turbines

670 ## - FUENTE DE DATOS ENCONTRADOS

  • Cita de la fuente: Work cat.: (OSt)11221: Cohen, Henry, Sept. 29, 1921- 27261, Gas turbine theory /, 1971.

Con tecnología Koha